000 00614nam a2200169Ia 4500
005 20250508151537.0
008 008 250505s9999 xx 000 0 eng d
037 _aPeriodicals
040 _aFEDL
_beng
_cFEDL
041 _aeng
_2eng
084 _qFEDL
245 0 _aAll-India civil list : A complete directory of the Indian civil and administrative services and other higher services under the union and the state Governments (as corrected up to 1st 1954)
260 _aBombay, India
_bThe Associated Advertisers and Printers Ltd.
_c1955
300 _av,628p.
942 _cCR
999 _c1330514
_d1330514